000 00328nam a2200109Ia 4500
008 200626s9999 xx 000 0 und d
020 _a971-11-0792-9
100 _aDewey, Melvil
245 _cMelvil Dewey.--
_aDewey decimal classification and relative index/
260 _aNew York:
_bForest Press
_c1989
300 _axx, 944 pages
999 _c363882
_d363882